书目信息 |
| 题名: |
绿色精细化工导论
|
|
| 作者: | 贡长生 , 单自兴 编著 | |
| 分册: | ||
| 出版信息: | 北京 化学工业出版社 2005 |
|
| 页数: | 307页 | |
| 开本: | 24cm | |
| 丛书名: | ||
| 单 册: | ||
| 中图分类: | TQ062 | |
| 科图分类: | ||
| 主题词: | 精细化工--无污染工艺 , 精细化工 , 无污染工艺 | |
| 电子资源: | ||
| ISBN: | 7-5025-6995-2 | |
| 000 | 00964nam0 2200289 450 | |
| 001 | 002938937 | |
| 005 | 20080303094829.18 | |
| 010 | @a7-5025-6995-2@dCNY39.00 | |
| 035 | @a002938937 | |
| 100 | @a20050317d2005 em y0chiy0110 ea | |
| 101 | 0 | @achi |
| 102 | @aCN@b110000 | |
| 105 | @ay z 000yy | |
| 106 | @ar | |
| 200 | 1 | @a绿色精细化工导论@Alv se jing xi hua gong dao lun@f贡长生,单自兴等编著 |
| 210 | @a北京@c化学工业出版社@d2005 | |
| 215 | @a307页@d24cm | |
| 330 | @a本书在介绍绿色化学的基本知识和绿色精细化工的研究状况基础上,重点论述精细化工中间体、化学制药、生物制药、食品添加剂等领域中关于绿色化工研究的最新理论成果。 | |
| 510 | 1 | @aIntroduction to Green Fine Chemicals Industry@zeng |
| 606 | 0 | @a精细化工@x无污染工艺 |
| 606 | 0 | @a精细化工 |
| 606 | 0 | @a无污染工艺 |
| 690 | @aTQ062@v4 | |
| 701 | 0 | @a贡长生@Agong chang sheng@4编著 |
| 701 | 0 | @a单自兴@Ashan zi xing@c(化工)@4编著 |
| 801 | 0 | @aCN@bNLC@c20080303 |
| 905 | @dTQ062@e174@f4 | |
| 绿色精细化工导论/贡长生,单自兴等编著.-北京:化学工业出版社,2005 |
| 307页;24cm |
| ISBN 7-5025-6995-2:CNY39.00 |
| 本书在介绍绿色化学的基本知识和绿色精细化工的研究状况基础上,重点论述精细化工中间体、化学制药、生物制药、食品添加剂等领域中关于绿色化工研究的最新理论成果。 |
| ● |
| 相关链接 |
|
|
|
|
正题名:绿色精细化工导论
索取号:TQ062/174
 
预约/预借
| 序号 | 登录号 | 条形码 | 馆藏地/架位号 | 状态 | 备注 |
| 1 | 0614926 | 206149265 | 第二样本阅览室/ [索取号:TQ062/174] | 在馆 | |
| 2 | 0614927 | 206149274 | 第三借阅区/ [索取号:TQ062/174] | 在馆 | |
| 3 | 0614928 | 206149283 | 第三借阅区/ [索取号:TQ062/174] | 在馆 | |
| 4 | 0614929 | 206149292 | 第三借阅区/ [索取号:TQ062/174] | 在馆 |